Softly Dies a Lake/ (Record no. 182089)

MARC details
000 -LEADER
fixed length control field 00747nam a22002177a 4500
005 - DATE AND TIME OF LATEST TRANSACTION
control field 20220216154159.0
010 ## - LCCN (DPL NO)
LC control number ENG-130055
020 ## - INTERNATIONAL STANDARD BOOK NUMBER
International Standard Book Number 978-93-90122-58-5
Terms of availability 425.00
035 ## - SYSTEM CONTROL NUMBER
System control number EN-113587
037 ## - SOURCE OF ACQUISITION
Source of stock number/acquisition DBAD/PUB
082 ## - DEWEY DECIMAL CLASSIFICATION NUMBER
Classification number 894.827371
100 ## - MAIN ENTRY--PERSONAL NAME
Personal name Kutumbarao,Akkineni
245 ## - TITLE STATEMENT
Title Softly Dies a Lake/
Statement of responsibility, etc by Jason Keith Fernandes/tranlated by Vasanth Kannabiran
250 ## - EDITION STATEMENT
Edition statement 2020
260 ## - PUBLICATION, DISTRIBUTION, ETC. (IMPRINT)
Name of publisher, distributor, etc Orient Blackswan
Date of publication, distribution, etc 2020
Place of publication, distribution, etc India
270 ## - ADDRESS
Address 3-6-752 Himayatnagar
Postal code 500029
City Hyderabad
Electronic mail address centraloffice@orientblackswan.com
300 ## - PHYSICAL DESCRIPTION
Extent xxii,200p.
Dimensions 21cm (hbk)
500 ## - GENERAL NOTE
General note Include glossary<br/>forword by Kalpana kannabiran
700 ## - ADDED ENTRY--PERSONAL NAME
Personal name Kannabiran Vasanth , kannabiran Kalpana
942 ## - ADDED ENTRY ELEMENTS (KOHA)
Source of classification or shelving scheme Dewey Decimal Classification
Item type English Books
Classification part 894.827371
Call number suffix KUT
Holdings
Withdrawn status Lost status Not for loan Collection code Home library Current library Date acquired Source of acquisition Cost, normal purchase price Full call number Barcode Copy number Cost, replacement price Koha item type
      Non-fiction Ashok Vihar Ashok Vihar 22/10/2021 DBAD/PUB 425.00 894.827371 KUT EN-113587 1 425.00 English Books

© Delhi Public Library
Hit Counter
free hit counter